| Tag |
First Indicator |
Second Indicator |
Subfields |
| LEADER |
00000cam a2200000 a 4500 |
| 001 |
in00001258310 |
| 005 |
20151004060820.0 |
| 008 |
940331s1994 ctua bf 001 0 eng |
| 010 |
|
|
|a 94011222
|
| 015 |
|
|
|a GB95-31076
|
| 019 |
|
|
|a 32466382
|
| 020 |
|
|
|a 031328556X (alk. paper)
|
| 035 |
|
|
|a (OCoLC)30155394
|
| 035 |
|
|
|9 AGX1687AM
|
| 040 |
|
|
|a DLC
|c DLC
|d UKM
|d UtOrBLW
|
| 043 |
|
|
|a n-us---
|
| 049 |
|
|
|a TXAM
|
| 050 |
0 |
0 |
|a LB2831.92
|b .S93 1994
|
| 082 |
0 |
0 |
|a 371.2/012
|2 20
|
| 100 |
1 |
|
|a Sybouts, Ward.
|
| 245 |
1 |
4 |
|a The training and development of school principals :
|b a handbook /
|c Ward Sybouts and Frederick C. Wendel.
|
| 264 |
|
1 |
|a Westport, Conn. :
|b Greenwood Press,
|c 1994.
|
| 300 |
|
|
|a xiv, 364 pages :
|b illustrations ;
|c 25 cm.
|
| 336 |
|
|
|a text
|b txt
|2 rdacontent
|
| 337 |
|
|
|a unmediated
|b n
|2 rdamedia
|
| 338 |
|
|
|a volume
|b nc
|2 rdacarrier
|
| 490 |
1 |
|
|a The Greenwood educators' reference collection,
|x 1056-2192
|
| 504 |
|
|
|a Includes bibliographical references (pages [345]-359) and index.
|
| 650 |
|
0 |
|a School principals
|x Training of
|z United States
|x Handbooks, manuals, etc.
|
| 653 |
0 |
|
|a Schools
|a Management
|
| 653 |
0 |
|
|a United States
|
| 700 |
1 |
|
|a Wendel, Frederick C.
|
| 830 |
|
0 |
|a Greenwood educators' reference collection.
|
| 999 |
|
|
|a MARS
|
| 999 |
f |
f |
|s 5adac73e-e10d-32e6-bcf8-51b0b522038b
|i 5405b1af-1b3f-35bc-9a44-385a374b9d8e
|t 0
|
| 952 |
f |
f |
|p normal
|a Texas A&M University
|b College Station
|c Sterling C. Evans Library
|d Evans: Library Stacks
|t 0
|e LB2831.92 .S93 1994
|h Library of Congress classification
|i unmediated -- volume
|m A14820013533
|
| 998 |
f |
f |
|a LB2831.92 .S93 1994
|t 0
|l Evans: Library Stacks
|